Proposals for the more effectual preventing the exportation of wool, wooll-fells, mortlings, shortlings, wooll-flocks, or any yarn made of wooll, fuller's-earth, or any fulling clay, and for the encouagement of the woollen manufactory.

Bibliographic Details
Main Author: Plank, Stephen
Format: eBook
Language:English
Published: [England?] : [publisher not identified], [1740?]
Series:Making of the modern world (Goldsmiths'-Kress Library of Economic Literature)
Subjects:
Online Access:Connect to the full text of this electronic book

MARC

Tag First Indicator Second Indicator Subfields
LEADER 00000cam a22000001a 4500
001 in00002283321
005 20190326202718.0
006 m | d |
007 cr |n||||||||n
008 901130s1740 enk s 000 0 eng d
010 |a nuc87682358  
040 |a ResP  |c GKS  |d RQM  |d Thomson Gale  |d UtOrBLW 
043 |a e-uk--- 
100 1 |a Plank, Stephen. 
245 1 0 |a Proposals for the more effectual preventing the exportation of wool, wooll-fells, mortlings, shortlings, wooll-flocks, or any yarn made of wooll, fuller's-earth, or any fulling clay, and for the encouagement of the woollen manufactory. 
264 1 |a [England?] :  |b [publisher not identified],  |c [1740?] 
300 |a 1 unnumbered page, 3 pages ;  |c 36 cm. 
336 |a text  |b txt  |2 rdacontent 
337 |a computer  |b c  |2 rdamedia 
338 |a online resource  |b cr  |2 rdacarrier 
500 |a Caption title. 
500 |a Endorsed. 
500 |a Signed: Stephen Plank. 
500 |a Reproduction of original from Kress Library of Business and Economics, Harvard University. 
500 |a Goldsmiths'-Kress number 07778.6. 
510 4 |a Hanson,  |c 5440 
510 4 |a OCLC,  |c 22758520 
533 |a Electronic reproduction.  |b Farmington Hills, Mich. :  |c Thomson Gale,  |d 2005.  |f (The making of the modern world).  |n Available via the World Wide Web.  |n Access limited to licensing agreements.  |7 s2005 miunns 
500 |a Electronic resource. 
650 0 |a Wool industry  |z Great Britain. 
651 0 |a Great Britain  |x Commercial policy. 
655 0 |a Electronic books. 
830 0 |a Making of the modern world (Goldsmiths'-Kress Library of Economic Literature) 
856 4 0 |u http://proxy.library.tamu.edu/login?url=http://galenet.galegroup.com/servlet/MOME?af=RN&ae=U109118298&srchtp=a&ste=14&locID=txshracd2898  |z Connect to the full text of this electronic book  |t 0 
999 |a MARS 
999 f f |s 5e0e4afb-34f8-3149-a932-0401bfc9ff91  |i 32705d05-c896-3355-a9b4-c3e4d290ef75  |t 0 
952 f f |a Texas A&M University  |b College Station  |c Electronic Resources  |d Available Online  |t 0  |h No information provided 
998 f f |t 0  |l Available Online